[Event "Turning Torso Chess Event 2021"]
[Site "Malmoe"]
[Date "2021.08.22"]
[Round "16.1"]
[White "Agrest, Evgenij"]
[Black "Westerberg, Jonathan"]
[Result "0-1"]
[WhiteElo "2568"]
[BlackElo "2526"]
[Annotator "ChessBase"]
[PlyCount "64"]
[EventDate "2021.08.20"]
[EventType "tourn"]
[EventCountry "SWE"]
[SourceTitle "playchess.com"]
[Source "ChessBase"]
[SourceQuality "1"]
[TimeControl "900+5"]

1. Nf3 {[%emt 0:00:15]} Nf6 {[%emt 0:00:14]} 2. c4 {[%emt 0:00:03]} e6 {
[%emt 0:00:02]} 3. b3 {[%emt 0:00:09]} c5 {[%emt 0:00:10]} 4. Bb2 {[%emt 0:00:
06]} Nc6 {[%emt 0:00:04]} 5. e3 {[%emt 0:00:04]} Be7 {[%emt 0:01:43]} 6. g3 {
[%emt 0:00:27]} O-O {[%emt 0:00:13]} 7. Bg2 {[%emt 0:00:01]} d5 {[%emt 0:00:17]
} 8. cxd5 {[%emt 0:00:56]} Nxd5 {[%emt 0:00:39]} 9. a3 {[%emt 0:00:19]} Bf6 {
[%emt 0:00:44]} 10. Qc1 {[%emt 0:00:21]} b6 {[%emt 0:00:11]} 11. O-O {[%emt 0:
01:27]} Ba6 {[%emt 0:00:21]} 12. Re1 {[%emt 0:00:15]} Rc8 {[%emt 0:00:11]} 13.
e4 {[%emt 0:00:35]} Bxb2 {[%emt 0:00:10]} 14. Qxb2 {[%emt 0:00:02]} Nf6 {
[%emt 0:01:13]} 15. b4 {[%emt 0:00:28]} Bd3 {[%emt 0:00:02]} 16. Nc3 {[%emt 0:
01:12]} Ng4 {[%emt 0:01:14]} 17. e5 {[%emt 0:00:43]} f6 {[%emt 0:01:03]} 18.
bxc5 {[%emt 0:01:26]} bxc5 {[%emt 0:00:12]} 19. Qb3 {[%emt 0:00:02]} c4 {
[%emt 0:00:29]} 20. Qa4 {[%emt 0:00:07]} fxe5 {[%emt 0:01:10]} 21. h3 {[%emt 0:
00:29]} Nxf2 {[%emt 0:00:28]} 22. Kxf2 {[%emt 0:00:01]} e4 {[%emt 0:00:01]} 23.
Nxe4 {[%emt 0:00:38]} Qd4+ {[%emt 0:00:18]} 24. Re3 {[%emt 0:00:00]} Qxa1 {
[%emt 0:00:38]} 25. Nd6 {[%emt 0:01:10]} Rxf3+ {[%emt 0:00:24]} 26. Rxf3 {
[%emt 0:01:21]} Qd4+ {[%emt 0:00:03]} 27. Re3 {[%emt 0:00:13]} Qxd6 {[%emt 0:
00:12]} 28. Qa6 {[%emt 0:00:02]} Rc7 {[%emt 0:01:13]} 29. Kg1 {[%emt 0:00:06]}
Qc5 {[%emt 0:00:59]} 30. Kh2 {[%emt 0:00:01]} e5 {[%emt 0:00:49]} 31. Rf3 {
[%emt 0:01:38]} e4 {[%emt 0:00:10]} 32. Rf4 {[%emt 0:00:04]} c3 {[%emt 0:00:26]
} 0-1

[Event "Turning Torso Chess Event 2021"]
[Site "Malmoe"]
[Date "2021.08.21"]
[Round "3.3"]
[White "Agrest, Evgenij"]
[Black "Hellers, Ferdinand"]
[Result "1-0"]
[WhiteElo "2568"]
[BlackElo "2592"]
[Annotator "TA"]
[PlyCount "55"]
[EventDate "2021.08.20"]
[EventType "tourn"]
[EventCountry "SWE"]
[SourceTitle "playchess.com"]
[Source "ChessBase"]
[SourceQuality "1"]

{[%evp 9,55,14,15,-7,4,0,7,6,7,-43,0,0,14,-20,-9,-28,-16,0,0,-58,0,-107,-90,
-116,-27,-79,-27,-79,-47,-56,-17,-27,0,-17,39,0,68,52,118,130,610,588,557,541,
712,731,656,623]} 1. Nf3 f5 2. d3 Nc6 3. d4 e6 4. Bf4 Nf6 5. e3 {[#]} d6 $146 (
{Predecessor:} 5... Ne7 6. c4 Ng6 7. Nc3 Bb4 8. Bd3 Bxc3+ 9. bxc3 d6 10. Bg3
Qe7 11. Qc2 O-O {1/2-1/2 (38) Shchekachev,A (2555)-Lagarde,M (2540) Saint
Quentin 2015}) 6. h3 {A04: Unusual lines after 1 Nf3 and King's Indian Attack.}
g6 7. Nc3 Bg7 8. Bc4 {The position is equal.} O-O 9. g4 Kh8 (9... Ne4 $15) 10.
gxf5 $11 exf5 11. Qe2 Na5 12. Bd3 Be6 13. Ng5 Bg8 14. h4 Nh5 (14... c5 $15 15.
dxc5 dxc5) 15. Qf3 (15. O-O-O $1 $11 {remains equal.}) 15... c5 $17 16. d5 Qf6
(16... Bxc3+ $17 17. bxc3 Qf6) 17. Bh2 (17. Be2 $11 {keeps the balance.}) 17...
a6 ({Black should play} 17... b5 $17 18. O-O (18. Bxb5 $2 Rab8 $19) 18... Rab8)
18. a4 (18. O-O-O $11) 18... Rad8 19. Rd1 Rfe8 20. Kf1 Qe7 21. Be2 $1 Be5 (
21... h6 $11 22. Nh3 Bxc3 23. bxc3 Bf7) 22. Qh3 Bxh2 ({Black should try} 22...
h6 $11 23. Bxe5+ Qxe5) 23. Rxh2 (23. Qxh2 {with more complications.} h6 24. Nh3
Qf6 25. Nf4 Nxf4 26. Qxf4 Kg7 27. Rg1) 23... Ng7 ({Better is} 23... Rf8 $14)
24. Rg2 $16 h6 $2 {[%mdl 8192] [#] Black cannot hold the game after this.} (
24... Qf6 $16) 25. h5 $1 $18 {White is clearly winning.} gxh5 (25... Nxh5 26.
Bxh5) 26. Bxh5 Qf6 27. Bxe8 Rxe8 28. Ne2 {Weighted Error Value: White=0.18/
Black=0.59} 1-0

[Event "Turning Torso Chess Event 2021"]
[Site "Malmoe"]
[Date "2021.08.21"]
[Round "6.4"]
[White "Brynell, Stellan"]
[Black "Westerberg, Jonathan"]
[Result "1/2-1/2"]
[WhiteElo "2422"]
[BlackElo "2526"]
[Annotator "TA"]
[PlyCount "67"]
[EventDate "2021.08.20"]
[EventType "tourn"]
[EventCountry "SWE"]
[SourceTitle "playchess.com"]
[Source "ChessBase"]
[SourceQuality "1"]

{[%evp 9,67,25,25,24,57,47,56,61,87,89,101,90,95,86,141,149,141,80,127,114,178,
170,176,195,176,129,129,129,130,129,129,124,116,105,197,72,77,0,34,38,18,0,0,0,
0,0,0,0,0,0,2,0,0,0,0,0,0,0,0,0]} 1. e4 d5 2. exd5 Qxd5 3. Nc3 Qd8 4. d4 Nf6 5.
Bg5 c6 6. Bc4 {B01: Scandinavian Defence.} Nbd7 7. Nf3 Nb6 8. Bb3 {[#] White
is slightly better.} Bf5 $146 ({Predecessor:} 8... a5 9. a4 Nfd5 10. Nxd5 cxd5
11. Qd3 Qc7 12. Bh4 Nc4 13. Bg3 Qc6 14. Bxc4 dxc4 {0-1 (41) Nieto Badia,P
(1798)-Monell Camarasa,D (2218) Lleida 2019}) 9. Ne5 $40 {[%csl Ge5][%cal
Rb3f7][%mdl 128] White wants a kill.} Nfd5 {White should prevent ...f6.} 10.
Qf3 (10. Qh5 $6 g6 $11) 10... Be6 {With the idea ...f6.} 11. Bd2 f6 ({Black
should play} 11... g6) 12. Nd3 $16 Bf7 13. O-O-O ({White should try} 13. Ne4)
13... a5 14. Nc5 Qc7 {[#]} (14... e5 $16 {keeps fighting.}) 15. Rhe1 $1 $18 e5
16. Nd3 Bd6 17. Ne4 O-O 18. Nxd6 Qxd6 19. dxe5 fxe5 20. Qg3 (20. Rxe5 Bg6 $14)
20... a4 21. Bxd5 Qxd5 {[#]} (21... Nxd5 $16 22. a3 (22. Rxe5 Bg6 $14) (22.
Qxe5 Qg6 $16) (22. Nxe5 Bh5 $16) 22... Bg6) 22. Nb4 ({Weaker is} 22. Nxe5 Qxa2
23. Qa3 (23. Bh6 $2 Bg6 $19) 23... Qxa3 $11) (22. Be3 $1 $18 {[%cal Re3b6]} Qb5
23. Nxe5 (23. Qxe5 Qxe5 24. Nxe5 Nd5 $16)) 22... Qc4 $16 {And now ...c5 would
win.} 23. Qc3 (23. Qxe5 $16 {Strongly threatening Bc3.} Rae8 24. Qc7) 23...
Qxc3 (23... Bg6 {looks sharper.} 24. Rxe5 Rxf2 25. Re7 Rf7 26. Qxc4 Nxc4 27.
Rxf7 Kxf7 28. Bc3 Re8) 24. Bxc3 Nd5 25. Nxd5 {The position is equal.} Bxd5 26.
f3 Bxa2 27. Rxe5 Bd5 28. Rde1 h6 29. Re7 Rf7 30. Kd2 b5 31. Bb4 Rd8 32. Kc3 Rd7
33. Rxd7 Rxd7 34. Re7 {White really could win this.  Weighted Error Value:
White=0.14/Black=0.14} 1/2-1/2

[Event "Turning Torso Chess Event 2021"]
[Site "Malmoe"]
[Date "2021.08.21"]
[Round "9.5"]
[White "Westerberg, Jonathan"]
[Black "Hector, Jonny"]
[Result "1/2-1/2"]
[WhiteElo "2526"]
[BlackElo "2465"]
[Annotator "TA"]
[PlyCount "29"]
[EventDate "2021.08.20"]
[EventType "tourn"]
[EventCountry "SWE"]
[SourceTitle "playchess.com"]
[Source "ChessBase"]
[SourceQuality "1"]

{[%evp 9,29,10,11,23,37,23,30,-25,-23,-17,-16,-27,0,0,0,0,0,0,0,0,0,0]} 1. Nf3
d5 2. e3 Nc6 3. d4 Bg4 4. c4 e5 5. dxe5 dxc4 {Threatens to win with ...Qxd1+.}
6. Qa4 {D07: Queen's Gambit: Chigorin Defence.} Bxf3 7. gxf3 Qd5 8. Qxc4 (8.
Be2 $142) 8... Qxf3 $11 9. Rg1 {[#] And now Bg2 would win.} O-O-O {[%csl Gd8]
[%cal Rf3d1]} ({But not} 9... Bb4+ $6 10. Bd2 $16) 10. Nd2 $1 {[%cal Rd2f3] [#]
} Nxe5 $146 ({Predecessor:} 10... Qf5 11. f4 Nb4 12. Rg5 Qd7 13. a3 Nd5 14. Rg3
Kb8 15. Ne4 h5 16. Bh3 Qe8 {0-1 (29) Montilla Reyes,J (2061)-Corrales Jimenez,
Z (2203) San Cristobal 2012}) 11. Nxf3 {The position is equal.} Nxf3+ 12. Ke2
Nxg1+ 13. Ke1 {Strongly threatening Bg2.} Nf3+ {[%mdl 64] [#] Double Attack}
14. Ke2 Ng1+ 15. Ke1 {An uneventful encounter.  Weighted Error Value: White=0.
23/Black=0.04} 1/2-1/2

[Event "Turning Torso Chess Event 2021"]
[Site "Malmoe"]
[Date "2021.08.21"]
[Round "3.4"]
[White "Smith, Axel"]
[Black "Pantzar, Milton"]
[Result "1-0"]
[WhiteElo "2451"]
[BlackElo "2424"]
[Annotator "TA"]
[PlyCount "125"]
[EventDate "2021.08.20"]
[EventType "tourn"]
[EventCountry "SWE"]
[SourceTitle "playchess.com"]
[Source "ChessBase"]
[SourceQuality "1"]

{[%evp 9,125,-9,13,0,31,13,6,-1,4,-12,-13,-25,21,9,6,24,26,0,0,0,0,0,0,0,0,0,0,
0,0,0,0,0,20,0,119,118,132,-31,-33,-33,-27,-80,-74,-92,-87,-72,0,0,0,-9,-12,
-60,-59,-97,2,11,80,71,74,71,120,117,155,106,143,142,143,151,215,143,252,204,
197,197,264,259,231,155,161,156,150,0,39,6,75,68,180,27,29998,73,82,0,0,0,6,0,
0,0,182,182,181,174,174,0,174,152,204,0,29986,29987,29987,29987,29987,29988,
29994,29993,29993,29989]} 1. e4 c6 2. Ne2 d5 3. e5 g6 4. d4 Bg7 5. Nd2 {
[%cal Bb1d2,Bd2f3,Bf3e5][%mdl 32]} f6 {[#]} 6. Nf3 $146 {B10: Caro-Kann: 2 d3
and 2 c4.} ({Predecessor:} 6. exf6 Nxf6 7. g3 e5 8. dxe5 Ng4 9. Nf3 Qb6 10.
Ned4 O-O 11. Bg2 Nxe5 12. Nxe5 Bxe5 {1/2-1/2 (30) Zhao,C (2387)-Xu,M (2407)
Shaoxing 2021}) 6... Bg4 7. exf6 Nxf6 8. Ne5 {The position is equal.} O-O 9. f3
Bf5 10. Ng3 c5 11. Nxf5 gxf5 12. dxc5 Nc6 13. Nxc6 bxc6 14. Bd3 Nd7 15. c3 Nxc5
16. Bc2 e5 17. O-O Ne6 18. Be3 Qd6 19. Qd2 Kh8 20. Bh6 e4 21. Bxg7+ Kxg7 (21...
Nxg7 $11 {keeps the balance.} 22. Rad1 Qc5+ 23. Qd4 Qxd4+ 24. Rxd4 Ne6) 22.
fxe4 $1 $16 fxe4 {[#]} 23. Kh1 $2 (23. Bxe4 $1 $16 {[%mdl 512]} Nf4 24. Bf3)
23... Qe5 $15 24. Qe3 c5 25. h3 (25. Rac1 $11) 25... Rae8 $17 26. Rad1 Rxf1+ $1
27. Rxf1 Rf8 (27... Qg5 $1 $17 {[%cal Rg5e3]} 28. Qxg5+ (28. Qf2 Rf8 $17) 28...
Nxg5) 28. Rxf8 $11 Kxf8 29. Qh6+ Kg8 30. Qe3 Kg7 31. c4 {next cxd5 is good for
White.} Qd4 (31... Nd4 $17 32. Bd1 dxc4) 32. Qg3+ Kf7 (32... Kf6 $1 $11 {
remains equal.}) 33. cxd5 $1 $16 Qxd5 34. Qf2+ Ke8 35. Qe3 Qxa2 36. Qxe4 Ke7
37. Qxh7+ Kd6 38. Qd3+ Nd4 (38... Ke7 $16) 39. Qg6+ Ke5 (39... Qe6 $16 {
was worth a try.} 40. Qxe6+ Kxe6) 40. Qe4+ Kd6 41. Qf4+ Kc6 (41... Ke6 {
keeps fighting.} 42. Qg4+ Kd6 43. Qg3+ Kd7) 42. Be4+ $18 Kd7 43. Qd2 Qe6 44.
Bf3 Qe5 45. b4 (45. Bg4+ $16 Kc6 46. Qc1) 45... Kc7 (45... c4 {looks sharper.}
46. Bg4+ Kc6 47. Qc3 Kd5 48. Qc1 Nf5) 46. bxc5 (46. Bg4 {is more complex.} cxb4
47. Qxb4 a5 48. Qc3+ Kd6 49. Qa3+) 46... Qxc5 (46... Nxf3 $11 47. gxf3 Qg3) 47.
Qf4+ $16 Kb6 (47... Kd8 $14) 48. h4 $2 ({White should play} 48. Qb8+ $18 Ka5
49. Bg4) 48... a5 $2 {[%mdl 8192]} (48... Nxf3 $11 49. Qf6+ (49. gxf3 a5 $16)
49... Kb5 50. Qxf3 a5) 49. h5 $2 (49. Qb8+ {mates} Ka6 50. Qb7#) 49... Nxf3 {
[#]} 50. Qxf3 {[%mdl 4096] Endgame KQ-KQ} (50. Qb8+ $1 $16 Ka6 51. Qa8+ {
[%mdl 64] Double Attack} Kb6 52. Qd8+ (52. Qxf3 a4 $16) 52... Kb5 53. Qd7+ Kb6
54. Qe6+ Kb5 55. Qb3+ Qb4 56. Qd3+ (56. Qxf3 Qh4+ 57. Kg1 a4 $16) 56... Kc5 57.
Qf5+ (57. Qxf3 Qh4+ 58. Kg1 Qe1+ 59. Qf1 Qe4 $16) 57... Kd6 58. Qf6+ (58. gxf3
Ke7 $16) (58. Qxf3 Ke7 $16) 58... Kd5 59. Qxf3+ Ke6 60. Qe3+ Kf7 61. Qf2+ Ke6
62. Qe3+ Kf7 63. Qf2+ Ke6 64. h6) 50... a4 $11 51. Qf6+ Ka5 52. h6 {Qd8+ is
the strong threat.} (52. Qd8+ {seems wilder.} Ka6 53. Qd1 a3 54. h6 a2 55. Qe2+
) 52... Qh5+ 53. Kg1 {And now Qc3+ would win.} a3 $2 (53... Qc5+ $1 $11 {
and Black has nothing to worry.} 54. Kf1 Qc1+ 55. Ke2 Qc2+ 56. Ke3 Qc1+ 57. Kf2
Qc5+ 58. Kf3 Qd5+ 59. Kf4 Qd2+ 60. Kg3 Qe3+ 61. Kh4 a3) 54. Qc3+ $18 Ka4 55.
Qc4+ Ka5 56. Qc3+ Ka4 $1 57. Qc2+ Kb4 {[#]} 58. h7 (58. Qe4+ $1 $18 Kb3 59. h7
Qc5+ 60. Kh2 (60. Kf1 Qc1+ 61. Kf2 Qb2+ 62. Qe2 Qg7 $18) 60... Qd6+ 61. g3 Qd2+
62. Kh3 Qd7+ 63. Kg2 Qd2+ 64. Kf3) 58... a2 $2 {[%mdl 8192]} (58... Qe5 $11)
59. Qb2+ {White mates.} Kc5 60. Qc3+ Kb5 61. h8=Q Qd1+ 62. Kh2 Qd6+ 63. Qhe5+ {
Weighted Error Value: White=0.36/Black=0.40} 1-0

[Event "Turning Torso Chess Event 2021"]
[Site "Malmoe"]
[Date "2021.08.21"]
[Round "6.5"]
[White "Grandelius, Nils"]
[Black "Hector, Jonny"]
[Result "1/2-1/2"]
[WhiteElo "2666"]
[BlackElo "2465"]
[Annotator "TA"]
[PlyCount "139"]
[EventDate "2021.08.20"]
[EventType "tourn"]
[EventCountry "SWE"]
[SourceTitle "playchess.com"]
[Source "ChessBase"]
[SourceQuality "1"]

{[%evp 9,139,93,93,90,90,79,85,77,93,67,62,47,56,50,63,50,85,89,96,66,69,56,95,
75,125,128,129,131,126,130,123,114,182,177,168,143,150,141,147,124,131,127,133,
109,100,70,70,69,106,104,87,98,84,65,68,67,84,65,92,65,61,56,73,60,67,63,63,58,
70,63,83,77,68,66,67,64,68,67,61,53,91,95,95,55,110,89,99,64,68,67,65,22,22,18,
18,18,21,22,39,0,23,13,156,160,164,149,135,103,100,72,72,70,205,189,174,59,142,
10,206,77,90,0,0,0,0,0,0,-29971,14,0,0,0]} 1. e4 Nc6 2. Nf3 f5 3. exf5 d5 4.
Bb5 Bxf5 5. Ne5 Bd7 6. Bxc6 {B00: Queen's Fianchetto Defence, Nimzowitsch
Defence.} Bxc6 7. O-O Nf6 8. d4 {White is better.} e6 9. Qe2 Bd7 {[#]} 10. Bg5
$146 ({Predecessor:} 10. Re1 Bd6 11. Bg5 O-O 12. Nd2 Re8 13. Rad1 c5 14. dxc5
Bxc5 15. Nb3 Bd6 16. Nd4 Qc7 17. Bxf6 gxf6 18. Qg4+ Kf8 19. Nxd7+ {1-0 (19)
Koeller,O (2293)-Koops,R (1862) Bad Zwesten 2000}) 10... Bd6 11. c4 O-O 12. Nc3
Bc8 13. c5 $36 {[%mdl 2048] White is on the roll.} Be7 14. Rae1 Qe8 15. Nd3 Qg6
16. Bh4 Bd7 17. Ne5 Qe8 18. Nxd7 Qxd7 19. Qxe6+ Qxe6 20. Rxe6 Rf7 (20... Kf7
$16 {might work better.} 21. Rfe1 Bd8) 21. Rfe1 $18 Bd8 22. b4 c6 23. a4 Ne4
24. Re8+ Rf8 25. Rxf8+ Kxf8 26. Nxe4 Bxh4 $16 {[%mdl 4096] Endgame KRB-KRN} 27.
Nd2 (27. Nd6 {feels hotter.} a6 28. Kf1 Bf6 29. Ke2 Ke7 30. Kd3+) 27... a5 28.
Rb1 Bf6 29. Nf3 axb4 30. Rxb4 Ra7 31. Kf1 Ke8 32. Ke2 Kd7 33. Kd3 Kc7 34. Ng1
Ra8 35. Ne2 g6 36. Nc3 Bg7 37. Rb2 Rf8 {...Rf4 would now be nice for Black.}
38. f3 Rf4 39. Ne2 Rf8 40. Ra2 Re8 41. Nc3 Rf8 42. Re2 {aiming for Re7+.} Kd7 {
Threatening ...Rf4.} 43. Rb2 Kc7 44. Ra2 Rf4 45. Ne2 Rf8 46. Nc1 Rf4 (46... Bh6
$14 47. Ne2 Bg5) 47. Nb3 $1 g5 48. h3 h5 49. a5 g4 50. hxg4 (50. a6 {is
interesting.} bxa6 51. fxg4 hxg4 52. h4 Bf6 53. h5) 50... hxg4 51. Ke3 Bh6 52.
Kf2 gxf3 53. gxf3 Rf8 54. Re2 Rf7 55. Re6 Bf4 (55... Bg5 $1 $11) 56. a6 $1 {
[%cal Ra6a7]} bxa6 57. Na5 Kd7 58. Rxc6 Rh7 59. Rf6 Rh2+ 60. Kg1 Ra2 61. Rxf4
$18 Rxa5 {[#] KR-KR} 62. Rf5 ({Better is} 62. Kf2 $1 $18) 62... Kc6 $1 $14 {[#]
} 63. Rf6+ (63. Kf2 $1 $16) 63... Kc7 $2 (63... Kb5 $1 $11 {and Black has
nothing to worry.}) 64. Rd6 (64. Kf2 $18 {and the rest is easy.}) 64... Ra2 $16
65. f4 (65. Rxd5 $16 {Rd6 is the strong threat.} a5 66. Rd6) 65... a5 66. f5
Rd2 $1 67. Rxd5 a4 {Hoping for ...a3.} 68. c6 $2 {[%mdl 8192]} (68. Re5 $11)
68... Kxc6 $2 (68... a3 {mates} 69. Ra5 a2 70. Kf1 Rd1+ 71. Kg2 a1=Q 72. Rxa1
Rxa1 73. Kh3 Kxc6 74. Kh4 Kd5 75. Kg5 Kxd4 76. Kf6 Ke4 77. Kg6 Ke5 78. f6 Ra6
79. Kf7 Rxf6+ 80. Ke7 Rd6 81. Kf7 Re6 82. Kg7 Kf5 83. Kf7 Re5 84. Kg7 Re7+ 85.
Kf8 Kf6 86. Kg8 Re8+ 87. Kh7 Ra8 88. Kh6 Rh8#) 69. Ra5 Rxd4 70. Kf2 {Weighted
Error Value: White=0.11/Black=0.18} 1/2-1/2

[Event "Turning Torso Chess Event 2021"]
[Site "Malmoe"]
[Date "2021.08.21"]
[Round "3.5"]
[White "Westerberg, Jonathan"]
[Black "Blomqvist, Erik"]
[Result "0-1"]
[WhiteElo "2526"]
[BlackElo "2537"]
[Annotator "TA"]
[PlyCount "63"]
[EventDate "2021.08.20"]
[EventType "tourn"]
[EventCountry "SWE"]
[SourceTitle "playchess.com"]
[Source "ChessBase"]
[SourceQuality "1"]

{[%evp 9,63,0,29,27,24,-27,-21,-56,-56,-56,-58,-78,-62,-82,-72,-95,-82,-95,-92,
-92,-92,-104,-91,-107,-97,-116,-113,-116,-119,-125,-146,-139,-133,-143,-135,
-358,-365,-389,-377,-531,-496,-517,-531,-512,-508,-550,-544,-554,-541,-620,
-597,-765,-761,-757,-750,-709]} 1. d4 Nf6 2. c4 e6 3. Nc3 Bb4 4. Nf3 c5 5. e3
Bxc3+ 6. bxc3 {E41: Nimzo-Indian: Rubinstein: 4...c5 5 Bd3, including Hübner
Variation.} d6 7. dxc5 (7. Bd3 $142) 7... dxc5 $11 8. Qxd8+ {The position is
equal.} Kxd8 9. Ne5 Ke7 10. f3 {[#]} Nfd7 $146 ({Predecessor:} 10... Nbd7 11.
Nd3 b6 12. e4 Ba6 13. Nb2 Ne5 14. Bg5 h6 15. Bh4 g5 16. Bg3 Nc6 {0-1 (33)
Szmetan,R (2305)-Sandrin,A Illinois 1986}) 11. Nxd7 Bxd7 12. a4 Nc6 13. a5 b6
14. axb6 axb6 15. Rb1 Ra6 16. Be2 Rha8 17. Kf2 Kd6 18. e4 Kc7 19. Bf4+ e5 20.
Bg3 Ra2 21. Rhd1 Be6 22. Rd5 $2 {[#]} (22. Ke3 $17) 22... Rc2 $19 23. Kf1 Raa2
24. Bd1 (24. Re1 $142) 24... Rxg2 {...Bh3! is the strong threat.Black is
clearly winning.} 25. Bb3 Bh3 {( -> ...Rxg3+)} 26. Bxa2 {Hoping for Bf2.} Rxg3+
{[%mdl 64] [#] Discovered Attack} 27. Kf2 Rg2+ {[%mdl 64] Double Attack} 28.
Ke3 Rxa2 29. Rg1 g6 30. f4 Be6 31. Rdd1 Rxh2 32. f5 {White did not feel at
home in the position after the opening.  Weighted Error Value: White=0.38/
Black=0.02} 0-1

[Event "Turning Torso Chess Event 2021"]
[Site "Malmoe"]
[Date "2021.08.21"]
[Round "7.1"]
[White "Pantzar, Milton"]
[Black "Schussler, Harry"]
[Result "1/2-1/2"]
[WhiteElo "2424"]
[BlackElo "2410"]
[Annotator "ChessBase"]
[PlyCount "36"]
[EventDate "2021.08.20"]
[EventType "tourn"]
[EventCountry "SWE"]
[SourceTitle "playchess.com"]
[Source "ChessBase"]
[SourceQuality "1"]
[TimeControl "900+5"]

1. d4 {[%emt 0:00:02]} Nf6 {[%emt 0:00:03]} 2. c4 {[%emt 0:00:03]} e6 {[%emt 0:
00:02]} 3. Nc3 {[%emt 0:00:07]} Bb4 {[%emt 0:00:09]} 4. e3 {[%emt 0:00:06]} c5
{[%emt 0:00:17]} 5. Bd3 {[%emt 0:00:24]} Nc6 {[%emt 0:00:11]} 6. Nge2 {[%emt 0:
00:15]} cxd4 {[%emt 0:00:07]} 7. exd4 {[%emt 0:00:04]} d5 {[%emt 0:00:03]} 8.
cxd5 {[%emt 0:00:16]} Nxd5 {[%emt 0:00:05]} 9. O-O {[%emt 0:00:07]} O-O {
[%emt 0:00:10]} 10. Nxd5 {[%emt 0:01:00]} exd5 {[%emt 0:00:33]} 11. Bf4 {
[%emt 0:00:46]} Be7 {[%emt 0:00:36]} 12. Qd2 {[%emt 0:01:05]} Bf6 {[%emt 0:00:
15]} 13. Rad1 {[%emt 0:00:15]} Bg4 {[%emt 0:00:18]} 14. f3 {[%emt 0:00:16]} Be6
{[%emt 0:00:14]} 15. Bb5 {[%emt 0:02:15]} Rc8 {[%emt 0:00:47]} 16. Bxc6 {
[%emt 0:01:07]} Rxc6 {[%emt 0:00:08]} 17. Be5 {[%emt 0:00:05]} Be7 {[%emt 0:00:
30]} 18. Rc1 {[%emt 0:00:24]} Qb6 {[%emt 0:01:04]} 1/2-1/2

[Event "Turning Torso Chess Event 2021"]
[Site "Malmoe"]
[Date "2021.08.21"]
[Round "4.1"]
[White "Brynell, Stellan"]
[Black "Hector, Jonny"]
[Result "1-0"]
[WhiteElo "2422"]
[BlackElo "2465"]
[Annotator "TA"]
[PlyCount "76"]
[EventDate "2021.08.20"]
[EventType "tourn"]
[EventCountry "SWE"]
[SourceTitle "playchess.com"]
[Source "ChessBase"]
[SourceQuality "1"]

{[%evp 9,76,4,18,-1,2,0,10,-14,28,22,29,-21,-2,-33,-47,-46,-16,-85,-103,-73,
-39,-139,-155,-148,-133,-114,-54,-129,-62,-70,6,32,267,261,263,273,327,302,324,
308,325,320,377,368,355,307,302,293,299,293,282,303,610,600,606,529,521,486,
500,284,539,378,368,355,395,389,356,361,618]} 1. Nf3 d5 2. b3 Bg4 3. e3 e6 4.
Bb2 Nf6 5. h3 Bh5 6. g4 {A06: Réti Opening: 1 Nf3 d5.} Bg6 7. d3 Nbd7 8. Nbd2 {
The position is equal.} Bd6 9. g5 Nh5 10. Be2 h6 11. h4 Qe7 {[#]} 12. Rg1 $146
({Predecessor:} 12. c4 O-O-O 13. Qc2 Kb8 14. O-O-O c6 15. Rdg1 e5 16. Qd1 Bf5
17. Ne1 g6 18. e4 {0-1 (37) Zilka,S (2437)-Korobov,A (2530) Pardubice 2007})
12... O-O-O 13. Nd4 (13. c4 $1 $11 {keeps the balance.}) 13... hxg5 $17 14.
hxg5 a6 15. Nf1 (15. N4f3 $15) 15... e5 16. Nf3 {[#]} d4 $1 17. Qd2 Bb4 (17...
dxe3 $17 18. fxe3 e4) 18. c3 $15 {[#]} dxc3 (18... Ba5 $1 $17 {aiming for ...
Nc5.} 19. b4 dxe3 20. fxe3 Bb6) 19. Bxc3 Bxc3 (19... Ba3 $1 $15) 20. Qxc3 $11
Qc5 $2 {Loses the game.} ({Better is} 20... Rhe8 $14) 21. Qxc5 $18 {[%mdl 64]
Overworked Piece} Nxc5 22. Nxe5 Rde8 23. d4 Ne4 24. Rc1 Nd6 25. Bg4+ Kd8 26.
Nd2 c6 27. f4 Bf5 28. Bxf5 Nxf5 29. Nxf7+ Kc7 30. Nxh8 Rxe3+ $2 (30... Nxf4 31.
Nf7 Nd3+ 32. Kd1 Nxe3+ 33. Ke2 Nxc1+ 34. Rxc1 Nf5+ 35. Kf2 Nxd4) 31. Kd1 Re8
32. Nf7 Nxf4 33. Ne5 Nxd4 34. Ndf3 Nf5 $2 (34... Nfe2 {is a better defense.})
35. Kc2 Ne2 {White is winning.} 36. Rgd1 {Hoping for Rd7+.} Nxc1 37. Rd7+ ({
Weaker is} 37. Kxc1 Re7 $18) (37. Rxc1 Nd4+ 38. Kd3 Nxf3 $18) 37... Kc8 38.
Kxc1 Rh8 $2 {Weighted Error Value: White=0.31/Black=0.54} (38... Re7) 1-0